000 00544nam a2200181 a 4500
001 0985
005 20140414132004.0
008 041008s19uu xx 00 eng d
020 _a0-88309-558-0
050 _aTR 372.634
_bHa233 1989
245 _aHandwriting, bk. 1 :
_bbasic skills and application (continous stroke option).
250 _aTeacher's Edition
260 _aColumbus, Ohio :
_bZaner-Bloser,
_c1989.
300 _a96 p. : ill. ; cm.
520 _aBinder section
650 _aPenmanship
_xStudy and teaching.
999 _c113151
_d113151